[Event "CAMPEONATO SUBZONAL 2.3.5"]
[Site "Duran"]
[Date "2012.03.06"]
[Round "3.16"]
[White "Treu, Auke"]
[Black "Reinozo Trelles, Eduardo"]
[Result "0-1"]
[WhiteElo "2121"]
[BlackElo "1920"]
[PlyCount "70"]
[EventDate "2012.03.05"]

1. d4 Nf6 2. Nf3 g6 3. g3 Bg7 4. Bg2 O-O 5. c4 d6 6. O-O Nbd7 7. Nc3 c5 8. d5
a6 9. a4 Re8 10. h3 Nf8 11. e4 b6 12. Re1 Ra7 13. Nh4 e6 14. f4 exd5 15. cxd5
Nh5 16. Kh2 f5 17. Nf3 fxe4 18. Nxe4 Rae7 19. Nc3 Rxe1 20. Nxe1 Bd4 21. Nc2 Bf2
22. Ne4 Rxe4 23. Bxe4 Bxg3+ 24. Kg1 Bxh3 25. Ra3 Qh4 26. Qf3 Bg4 27. Qg2 Bh3
28. Qf3 Bh2+ 29. Kh1 Bg4 30. Qg2 Bxf4+ 31. Kg1 Bxc1 32. Rb3 Nf4 33. Qh2 Qg5 34.
Bg2 Ne2+ 35. Kf1 Qf5+ 0-1

[Event "CAMPEONATO SUBZONAL 2.3.5"]
[Site "Duran"]
[Date "2012.03.06"]
[Round "3.17"]
[White "Perdomo Araujo, Angel Edua"]
[Black "Harper, Ryan"]
[Result "0-1"]
[WhiteElo "1913"]
[BlackElo "2253"]
[PlyCount "62"]
[EventDate "2012.03.05"]

1. e4 c5 2. Nf3 d6 3. d4 cxd4 4. Nxd4 Nf6 5. Nc3 g6 6. Be3 Bg7 7. f3 Nc6 8. Qd2
O-O 9. Bc4 Bd7 10. h4 Ne5 11. Bb3 Qa5 12. O-O-O Rfc8 13. Bh6 Bxh6 14. Qxh6 Rxc3
15. bxc3 Qxc3 16. Kb1 b5 17. Ne2 Qc5 18. h5 Nc4 19. hxg6 fxg6 20. Rd3 Be6 21.
Qc1 Rb8 22. Nf4 Bf7 23. c3 Rb6 24. Re1 a5 25. Ka1 Rb7 26. Rdd1 Rb8 27. Re2 Rc8
28. Bxc4 Bxc4 29. Red2 b4 30. Rb2 Qe5 31. cxb4 a4 0-1

[Event "CAMPEONATO SUBZONAL 2.3.5"]
[Site "Duran"]
[Date "2012.03.06"]
[Round "3.18"]
[White "Azua Avila, Vicente"]
[Black "Matoewi, Roger"]
[Result "1/2-1/2"]
[WhiteElo "1875"]
[BlackElo "2128"]
[PlyCount "162"]
[EventDate "2012.03.05"]

1. c4 f5 2. g3 Nf6 3. Bg2 g6 4. Nc3 Bg7 5. Nf3 d6 6. O-O c6 7. d4 O-O 8. b3 Na6
9. Re1 Nc7 10. Qc2 d5 11. Bb2 Kh8 12. Rad1 Be6 13. Nd2 Rb8 14. f3 b5 15. cxb5
Nxb5 16. Na4 Rc8 17. Nc5 Bg8 18. Kh1 Nd6 19. e3 Qe8 20. Bf1 g5 21. Ba6 Rb8 22.
Rf1 Qh5 23. Be2 Qh6 24. Rg1 Rbc8 25. Nd3 g4 26. f4 Nfe4 27. Rg2 Qe6 28. Nf1 h5
29. h4 gxh3 30. Rh2 Qg6 31. Rxh3 Nf6 32. Ne5 Qh7 33. Bxh5 Nxh5 34. Qh2 Bf7 35.
Nxf7+ Nxf7 36. Rxh5 Nh6 37. Qh4 Qg6 38. Rd2 Qe6 39. Rh2 Rf6 40. Kg1 Kg8 41. Ba3
Nf7 42. Bc5 a6 43. b4 Rd8 44. Qh3 Rc8 45. Qg2 Rh6 46. Qe2 Ra8 47. Qd3 Rxh5 48.
Rxh5 Nh6 49. Nh2 a5 50. a3 axb4 51. Bxb4 Rf8 52. Nf1 Ng4 53. Rg5 Nh6 54. Qe2
Nf7 55. Rh5 Nh8 56. Rh2 Kf7 57. Qa6 Ng6 58. Rc2 Rc8 59. a4 Rh8 60. Rxc6 Qe4 61.
Rxg6 Rh1+ 62. Kf2 Rxf1+ 63. Qxf1 Kxg6 64. a5 Bxd4 65. Qe2 Bf6 66. Bc5 d4 67.
Bxd4 Bxd4 68. exd4 Qxd4+ 69. Qe3 Qb2+ 70. Qe2 Qd4+ 71. Kf1 Qa1+ 72. Qe1 Qf6 73.
Qb4 Qa1+ 74. Kf2 Qa2+ 75. Ke3 Qg2 76. Qb6+ Kf7 77. Qb3+ e6 78. Kd4 Qc6 79. Qc4
Qd6+ 80. Ke3 Qa3+ 81. Qd3 Qxa5 1/2-1/2

[Event "CAMPEONATO SUBZONAL 2.3.5"]
[Site "Duran"]
[Date "2012.03.06"]
[Round "3.19"]
[White "Croes, Octavio"]
[Black "Olvera Urena, Yasser"]
[Result "1/2-1/2"]
[WhiteElo "1916"]
[BlackElo "1865"]
[PlyCount "66"]
[EventDate "2012.03.05"]

1. d4 f5 2. Nf3 Nf6 3. Bg5 e6 4. Nbd2 Be7 5. Bxf6 Bxf6 6. e4 fxe4 7. Nxe4 b6 8.
Bd3 Bb7 9. c3 Nc6 10. Qd2 Qe7 11. O-O-O O-O-O 12. Rhe1 Rdf8 13. Bb5 a6 14. Ba4
Na5 15. Qd3 Qd8 16. Ne5 b5 17. Bc2 d6 18. Nf3 Bd5 19. b3 g5 20. Nfd2 g4 21. a4
Bc6 22. b4 Nb7 23. Kb2 Bg7 24. Qe2 h5 25. Bd3 bxa4 26. Bxa6 Kb8 27. Ra1 Rf7 28.
Bb5 Qd7 29. Bxc6 Qxc6 30. b5 Qd5 31. Rxa4 Rhf8 32. Nb3 Rd7 33. f3 Rg8 1/2-1/2

[Event "CAMPEONATO SUBZONAL 2.3.5"]
[Site "Duran"]
[Date "2012.03.06"]
[Round "3.20"]
[White "De Mey, Juan Pablo"]
[Black "Guaranda Chancay, Edward"]
[Result "1-0"]
[WhiteElo "1879"]
[BlackElo "1625"]
[PlyCount "59"]
[EventDate "2012.03.05"]

1. e4 e6 2. d4 b6 3. Bd3 Bb7 4. Qe2 Nf6 5. a4 d5 6. e5 Nfd7 7. f4 Be7 8. Nh3 c5
9. c3 Nc6 10. Be3 cxd4 11. cxd4 Nb4 12. O-O Rc8 13. Nc3 Nxd3 14. Qxd3 h6 15. f5
exf5 16. Qxf5 O-O 17. Nf2 g6 18. Qd3 Bg5 19. Nh3 Bxe3+ 20. Qxe3 Kg7 21. Rf3 Nc5
22. Rf6 Ne6 23. Nb5 Ba6 24. Nd6 Rc2 25. Nf5+ Kg8 26. Qxh6 Qc7 27. Ng5 Rc1+ 28.
Kf2 Qc2+ 29. Kg3 Qd3+ 30. Kh4 1-0

[Event "CAMPEONATO SUBZONAL 2.3.5"]
[Site "Duran"]
[Date "2012.03.07"]
[Round "4.1"]
[White "Ynojosa, Felix Jose"]
[Black "Guerra Tulcan, Lenin"]
[Result "1/2-1/2"]
[WhiteElo "2300"]
[BlackElo "2421"]
[PlyCount "95"]
[EventDate "2012.03.05"]

1. e4 c5 2. c3 d5 3. exd5 Qxd5 4. d4 cxd4 5. cxd4 Nc6 6. Nf3 e6 7. Nc3 Bb4 8.
Be2 Nf6 9. O-O Qd8 10. Bg5 O-O 11. Qb3 Be7 12. Rfd1 Nd5 13. Nxd5 Bxg5 14. Nxg5
Qxg5 15. Nb4 Bd7 16. Bf3 Na5 17. Qe3 Qxe3 18. fxe3 Nc4 19. Kf2 Nxb2 20. Rdb1
Nc4 21. Bxb7 Rab8 22. Na6 Rbd8 23. Nc5 Nd6 24. Bf3 Bc8 25. Rb8 e5 26. Rd1 Nc4
27. Ra8 a6 28. Be2 Nb6 29. Rb8 Nd7 30. Nxd7 Rxd7 31. Rc1 Bb7 32. Rxf8+ Kxf8 33.
Rc4 exd4 34. exd4 Bd5 35. Ra4 Re7 36. g3 Rc7 37. Bd3 Rc3 38. Ke3 Bc6 39. Rc4
Rxc4 40. Bxc4 Bb7 41. Kd3 Ke7 42. Ke3 f5 43. a4 a5 44. d5 Kd6 45. Kd4 g5 46.
Bd3 Bxd5 47. Bxf5 Bc6 48. Bc2 1/2-1/2

[Event "CAMPEONATO SUBZONAL 2.3.5"]
[Site "Duran"]
[Date "2012.03.07"]
[Round "4.2"]
[White "Lopez, Jasel"]
[Black "Vazquez Reyes, Raul"]
[Result "1/2-1/2"]
[WhiteElo "2138"]
[BlackElo "2302"]
[PlyCount "50"]
[EventDate "2012.03.05"]

1. d4 Nf6 2. c4 c5 3. d5 e6 4. Nc3 exd5 5. cxd5 d6 6. Nf3 g6 7. g3 Bg7 8. Bg2
O-O 9. O-O a6 10. a4 Nbd7 11. Nd2 Re8 12. h3 Rb8 13. Nc4 Nb6 14. Ne3 Bd7 15.
Bd2 Nc8 16. Rb1 Na7 17. b4 cxb4 18. Rxb4 b5 19. axb5 Nxb5 20. Nxb5 Bxb5 21. Bc3
Rc8 22. Ba1 h5 23. Bf3 Nd7 24. Bxg7 Kxg7 25. Qd2 Qf6 1/2-1/2

[Event "CAMPEONATO SUBZONAL 2.3.5"]
[Site "Duran"]
[Date "2012.03.07"]
[Round "4.3"]
[White "Pazos Gambarrotti, Plinio"]
[Black "Munoz Sanchez, Jhon"]
[Result "1/2-1/2"]
[WhiteElo "2267"]
[BlackElo "2216"]
[PlyCount "64"]
[EventDate "2012.03.05"]

1. Nf3 Nf6 2. g3 d5 3. Bg2 e6 4. O-O Be7 5. d4 O-O 6. c4 dxc4 7. Qc2 a6 8. Qxc4
b5 9. Qc2 Bb7 10. Bf4 Bd6 11. Nbd2 Bxf4 12. gxf4 Qd6 13. e3 Nbd7 14. Rfc1 Rfc8
15. Nb3 Be4 16. Qd1 c5 17. dxc5 Qxd1+ 18. Rxd1 Nxc5 19. Nxc5 Rxc5 20. Rac1 Rxc1
21. Rxc1 Kf8 22. Ne5 Rd8 23. Bxe4 Nxe4 24. f3 Nd6 25. Rc7 Ke8 26. Rc6 Nc4 27.
Nxc4 bxc4 28. Rxc4 Rd1+ 29. Kf2 Rd2+ 30. Kg3 Rxb2 31. a4 Ra2 32. e4 Kd7 1/2-1/2

[Event "CAMPEONATO SUBZONAL 2.3.5"]
[Site "Duran"]
[Date "2012.03.07"]
[Round "4.4"]
[White "Saltos Velez, Adrian"]
[Black "Aucay Pelaez, Mauro"]
[Result "1-0"]
[WhiteElo "2152"]
[BlackElo "2258"]
[PlyCount "71"]
[EventDate "2012.03.05"]

1. e4 c6 2. c4 d5 3. exd5 cxd5 4. cxd5 Nf6 5. Bb5+ Nbd7 6. Nc3 g6 7. Nge2 Bg7
8. Qb3 O-O 9. d4 Nb6 10. Nf4 Bf5 11. a4 g5 12. a5 gxf4 13. axb6 Qxb6 14. Bxf4
a6 15. Bc4 Qxd4 16. Ne2 Qc5 17. Rc1 Qa5+ 18. Bd2 Qd8 19. Qxb7 Be4 20. Nc3 Rb8
21. Qxa6 Rxb2 22. Nxe4 Nxe4 23. Ba5 Qb8 24. O-O Bd4 25. Be1 Qf4 26. Rd1 Bc5 27.
Be2 Rfb8 28. Qc4 Rb1 29. d6 exd6 30. Qd5 Rxd1 31. Bxd1 Rb1 32. Qa8+ Kg7 33. Qa4
Qe5 34. Bf3 d5 35. Bxe4 Qxe4 36. Qxe4 1-0

[Event "CAMPEONATO SUBZONAL 2.3.5"]
[Site "Duran"]
[Date "2012.03.07"]
[Round "4.5"]
[White "Martinez Reyes, Pedro Ramon"]
[Black "Hernandez, Alexander"]
[Result "1-0"]
[WhiteElo "2200"]
[BlackElo "2290"]
[PlyCount "101"]
[EventDate "2012.03.05"]

1. e4 e5 2. Nf3 Nc6 3. d4 exd4 4. Nxd4 Bc5 5. Nxc6 Qf6 6. Qf3 bxc6 7. Be2 Qxf3
8. Bxf3 Ne7 9. Nd2 d5 10. Nb3 Bd6 11. Be3 dxe4 12. Bxe4 Bf5 13. Bxf5 Nxf5 14.
Bc5 O-O 15. O-O-O h5 16. Bxd6 cxd6 17. Nd4 Nxd4 18. Rxd4 d5 19. Re1 Rfe8 20.
Rxe8+ Rxe8 21. Kd2 Kf8 22. Rb4 g5 23. Rb7 Re7 24. Rb8+ Kg7 25. Rc8 Rb7 26. b3
Rb6 27. Rc7 Ra6 28. a4 Kf6 29. Kd3 Ke5 30. Rxf7 c5 31. Re7+ Kf5 32. Rc7 Ra5 33.
Rc6 c4+ 34. Kd4 cxb3 35. cxb3 h4 36. Kc3 d4+ 37. Kxd4 g4 38. Rc5+ Rxc5 39. Kxc5
Ke4 40. b4 Kd3 41. b5 Ke2 42. a5 Kxf2 43. b6 axb6+ 44. axb6 Kxg2 45. b7 Kxh2
46. b8=Q+ g3 47. Kd4 h3 48. Ke3 Kh1 49. Qxg3 h2 50. Qe1+ Kg2 51. Qf2+ 1-0

[Event "CAMPEONATO SUBZONAL 2.3.5"]
[Site "Duran"]
[Date "2012.03.07"]
[Round "4.6"]
[White "Mazara, Adan"]
[Black "Zavarce, Oscar Enrique"]
[Result "1-0"]
[WhiteElo "2289"]
[BlackElo "2190"]
[PlyCount "101"]
[EventDate "2012.03.05"]

1. d4 Nf6 2. c4 e6 3. Nf3 b6 4. g3 Bb7 5. Bg2 Be7 6. O-O O-O 7. Re1 c5 8. d5
exd5 9. Nh4 Ne4 10. cxd5 Bxh4 11. Bxe4 Bf6 12. Nc3 d6 13. Bg2 a6 14. a4 Nd7 15.
f4 c4 16. Be3 Re8 17. Bf2 Qc7 18. Qc2 Nc5 19. Rac1 Bc8 20. Ne4 Nxe4 21. Bxe4 h6
22. Bd3 b5 23. axb5 axb5 24. b3 c3 25. Bxb5 Bd7 26. Bc4 Ra3 27. Qd3 Ra2 28. Rc2
Rxc2 29. Qxc2 Qa5 30. e4 Qa3 31. Rb1 Ra8 32. Bd3 Qb4 33. Re1 Bd4 34. Bc4 Bxf2+
35. Kxf2 Ra3 36. Re3 Bg4 37. Rxc3 Qa5 38. b4 Qb6+ 39. Kg2 Ra1 40. Bf1 Qxb4 41.
Rc8+ Kh7 42. e5+ g6 43. e6 Qa5 44. exf7 Qxd5+ 45. Kg1 Rxf1+ 46. Kxf1 Qh1+ 47.
Kf2 Qf3+ 48. Kg1 Bh3 49. Rh8+ Kxh8 50. f8=Q+ Kh7 51. Qf7+ 1-0

[Event "CAMPEONATO SUBZONAL 2.3.5"]
[Site "Duran"]
[Date "2012.03.07"]
[Round "4.7"]
[White "Palma Moscoso, Alvaro Dario"]
[Black "Bassan, Remo"]
[Result "1-0"]
[WhiteElo "2126"]
[BlackElo "2279"]
[PlyCount "121"]
[EventDate "2012.03.05"]

1. e4 Nf6 2. d3 e5 3. Nf3 Nc6 4. Nbd2 d5 5. c3 Bc5 6. Be2 a5 7. O-O O-O 8. h3
h6 9. Re1 Re8 10. Qc2 Nh5 11. Nf1 dxe4 12. dxe4 Qf6 13. Be3 Bf8 14. Rad1 Ne7
15. N3h2 Nf4 16. Bxf4 Qxf4 17. Bg4 Ng6 18. g3 Qg5 19. Ne3 Bxg4 20. hxg4 Bc5 21.
Nf3 Qf6 22. Nf5 Nf8 23. Kg2 Ne6 24. Rh1 Rad8 25. Rd5 c6 26. Rxd8 Rxd8 27. Rd1
Rb8 28. Qa4 g6 29. N5h4 Ra8 30. Rd7 b5 31. Qd1 a4 32. Qd2 Bf8 33. Qe3 Nc5 34.
Rd2 Qe6 35. g5 h5 36. a3 Re8 37. Ne1 Nb3 38. Rd1 Bc5 39. Qd3 Be7 40. Nhf3 Nc5
41. Qe3 Qg4 42. Nd3 Nxe4 43. Ndxe5 Qf5 44. Nxc6 Bc5 45. Ncd4 Qd5 46. Re1 Re6
47. Qd3 Nxg5 48. Rxe6 Nxe6 49. Qxb5 h4 50. Nxe6 fxe6 51. gxh4 Kg7 52. Qxa4 e5
53. c4 Qe6 54. Qb3 Qg4+ 55. Kf1 Qh3+ 56. Ke2 Qg2 57. Qb7+ Kh6 58. Qe4 Qxf2+ 59.
Kd1 Be3 60. a4 Bf4 61. Qe2 1-0

[Event "CAMPEONATO SUBZONAL 2.3.5"]
[Site "Duran"]
[Date "2012.03.07"]
[Round "4.8"]
[White "Reinozo Trelles, Eduardo"]
[Black "Meza Ponce, Jeison"]
[Result "1-0"]
[WhiteElo "1920"]
[BlackElo "2232"]
[PlyCount "65"]
[EventDate "2012.03.05"]

1. e4 Nc6 2. d4 e5 3. d5 Nce7 4. Bg5 h6 5. Bh4 g5 6. Bg3 Ng6 7. Nf3 d6 8. c4
Bg7 9. h4 Nf6 10. Nc3 Nh5 11. Be2 Nxg3 12. fxg3 g4 13. Nd2 h5 14. O-O O-O 15.
Bd3 Bh6 16. Qe1 Nxh4 17. gxh4 Bxd2 18. Qxd2 Qxh4 19. Ne2 Kg7 20. Qe1 Qg5 21.
Ng3 Rh8 22. Nf5+ Bxf5 23. Rxf5 Qe7 24. Qe3 Rag8 25. Qg5+ Kf8 26. Qxe7+ Kxe7 27.
Raf1 Rg7 28. b4 h4 29. c5 g3 30. cxd6+ cxd6 31. Rc1 Kd8 32. Bf1 Rh6 33. Rf3 1-0

[Event "CAMPEONATO SUBZONAL 2.3.5"]
[Site "Duran"]
[Date "2012.03.07"]
[Round "4.9"]
[White "Abreu Jean, Carlos Paul"]
[Black "Barros Rivadeneira, Cristhian"]
[Result "1/2-1/2"]
[WhiteElo "2211"]
[BlackElo "2122"]
[PlyCount "122"]
[EventDate "2012.03.05"]

1. Nf3 c5 2. c4 g6 3. d4 cxd4 4. Nxd4 Bg7 5. e4 Nc6 6. Be3 Nf6 7. Nc3 O-O 8.
Be2 d6 9. O-O Bd7 10. Qd2 Nxd4 11. Bxd4 Bc6 12. f3 a5 13. Rfd1 Nd7 14. Be3 a4
15. Rac1 Qa5 16. Nd5 Bxd5 17. cxd5 Nc5 18. Qxa5 Rxa5 19. Rb1 Raa8 20. Bc4 Rfc8
21. Rdc1 a3 22. bxa3 Rxa3 23. Bd2 Bd4+ 24. Kf1 Be3 25. Ke2 Bxd2 26. Kxd2 Kg7
27. Bb3 Nxb3+ 28. axb3 Ra2+ 29. Kd3 Rxc1 30. Rxc1 Rxg2 31. Rc7 Kf6 32. Rxb7
Rxh2 33. b4 h5 34. Kd4 Rh1 35. f4 Rd1+ 36. Kc4 Re1 37. Kd4 h4 38. Rb8 Rf1 39.
Rh8 Rxf4 40. b5 Rf1 41. Rxh4 Rd1+ 42. Kc4 Ke5 43. Rh3 Rc1+ 44. Rc3 Ra1 45. b6
Ra8 46. Kb5 Kxe4 47. b7 Rb8 48. Kc6 f5 49. Rc1 f4 50. Re1+ Kd3 51. Rxe7 Kd4 52.
Kxd6 f3 53. Rf7 f2 54. Rf4+ Ke3 55. Rxf2 Rxb7 56. Rg2 Kf4 57. Ke6 g5 58. Rf2+
Ke4 59. d6 g4 60. d7 Rxd7 61. Kxd7 g3 1/2-1/2

[Event "CAMPEONATO SUBZONAL 2.3.5"]
[Site "Duran"]
[Date "2012.03.07"]
[Round "4.10"]
[White "Infante, Miguel"]
[Black "Moncada Russo, Bryan"]
[Result "1-0"]
[WhiteElo "2314"]
[BlackElo "1905"]
[PlyCount "45"]
[EventDate "2012.03.05"]

1. d4 d5 2. c4 e6 3. Nc3 Be7 4. cxd5 exd5 5. Bf4 c6 6. Qc2 Nf6 7. e3 O-O 8. Bd3
Re8 9. Nf3 Bd6 10. Bg5 h6 11. Bh4 b5 12. O-O Na6 13. a3 b4 14. Ne2 g5 15. Bg3
c5 16. Bb5 Re7 17. Bxa6 Bxa6 18. Bxd6 Qxd6 19. dxc5 Qb8 20. axb4 Bxe2 21. Qxe2
Qxb4 22. Rfc1 Rc8 23. Qa6 1-0

[Event "CAMPEONATO SUBZONAL 2.3.5"]
[Site "Duran"]
[Date "2012.03.07"]
[Round "4.11"]
[White "Harper, Ryan"]
[Black "Joseph, Marcus"]
[Result "1-0"]
[WhiteElo "2253"]
[BlackElo "2198"]
[PlyCount "61"]
[EventDate "2012.03.05"]

1. e4 c5 2. Nf3 a6 3. d4 cxd4 4. Nxd4 Nf6 5. Nc3 d6 6. Be2 e6 7. a4 Be7 8. O-O
O-O 9. f4 Qc7 10. Kh1 Nc6 11. Be3 Re8 12. Qe1 Nxd4 13. Bxd4 e5 14. fxe5 dxe5
15. Qg3 Bd8 16. Be3 Be6 17. Rad1 Kh8 18. Rd2 Rc8 19. Bg5 Qb6 20. Rxd8 Rexd8 21.
Rxf6 Qxb2 22. Nd5 Rxc2 23. Bf1 Qd4 24. Rf3 Bxd5 25. exd5 Re8 26. Rxf7 Qxd5 27.
Rf5 Qe4 28. Bd3 Qxa4 29. Rf7 e4 30. Bf6 gxf6 31. Qg7# 1-0

[Event "CAMPEONATO SUBZONAL 2.3.5"]
[Site "Duran"]
[Date "2012.03.07"]
[Round "4.12"]
[White "Del Castilho, Martyn"]
[Black "Crespo Hidalgo, Carlos"]
[Result "1-0"]
[WhiteElo "2218"]
[BlackElo "2038"]
[PlyCount "45"]
[EventDate "2012.03.05"]

1. e4 c6 2. d4 d5 3. e5 Bf5 4. Nf3 e6 5. Be2 Nd7 6. O-O h6 7. b3 Ne7 8. c4 c5
9. Nc3 cxd4 10. Nb5 Ng6 11. cxd5 Ngxe5 12. d6 Rc8 13. Nxe5 Nxe5 14. Nc7+ Rxc7
15. dxc7 Qxc7 16. Bb5+ Nc6 17. Qxd4 Bd6 18. Bb2 f6 19. Rad1 Bxh2+ 20. Kh1 Bf4
21. Qxa7 O-O 22. Qc5 Ra8 23. a4 1-0

[Event "CAMPEONATO SUBZONAL 2.3.5"]
[Site "Duran"]
[Date "2012.03.07"]
[Round "4.13"]
[White "Puntier, William"]
[Black "Meza Ponce, Jerry"]
[Result "1-0"]
[WhiteElo "2343"]
[BlackElo "1986"]
[PlyCount "63"]
[EventDate "2012.03.05"]

1. e4 c5 2. Nf3 g6 3. d4 Bg7 4. Nc3 cxd4 5. Nxd4 Nc6 6. Be3 Nf6 7. Bc4 O-O 8.
Bb3 a5 9. O-O a4 10. Nxa4 Nxe4 11. Nb5 Rxa4 12. Bxa4 Bxb2 13. Rb1 Bg7 14. f3
Nf6 15. Qd2 d6 16. Na7 Nxa7 17. Bb6 Nc6 18. Bxc6 bxc6 19. Bxd8 Rxd8 20. Rb8 Nd7
21. Qa5 Re8 22. Rbb1 Bd4+ 23. Kh1 Ne5 24. Qc7 Be6 25. Rb8 Rxb8 26. Qxb8+ Kg7
27. a4 h5 28. a5 Bc4 29. Rd1 Bc5 30. Ra1 h4 31. a6 h3 32. a7 1-0

[Event "CAMPEONATO SUBZONAL 2.3.5"]
[Site "Duran"]
[Date "2012.03.07"]
[Round "4.14"]
[White "Galls Aguirre, Jorge"]
[Black "Fernandez, Francis"]
[Result "1/2-1/2"]
[WhiteElo "2034"]
[BlackElo "2315"]
[PlyCount "69"]
[EventDate "2012.03.05"]

1. Nf3 Nf6 2. c4 c5 3. Nc3 e6 4. g3 Nc6 5. Bg2 d5 6. cxd5 Nxd5 7. O-O Be7 8. d4
Nxc3 9. bxc3 O-O 10. Rb1 cxd4 11. Nxd4 Na5 12. Nb5 Bd7 13. Nd6 Bxd6 14. Qxd6
Bc6 15. Qxd8 Rfxd8 16. Bxc6 bxc6 17. Rb4 f6 18. Be3 Rd7 19. Rfb1 Kf7 20. f3 e5
21. Ra4 Nb7 22. Rxa7 Rxa7 23. Bxa7 Nd6 24. Bc5 Nb5 25. Rb3 Rd1+ 26. Kf2 Ra1 27.
c4 Nd4 28. Rb7+ Kg8 29. Rb8+ Kf7 30. Rb7+ Kg6 31. Bxd4 exd4 32. Rc7 Rxa2 33.
Rxc6 d3 34. Re6 Rc2 35. Re3 1/2-1/2

[Event "CAMPEONATO SUBZONAL 2.3.5"]
[Site "Duran"]
[Date "2012.03.07"]
[Round "4.16"]
[White "Matoewi, Roger"]
[Black "Jerves Cordova, Carlos"]
[Result "1-0"]
[WhiteElo "2128"]
[BlackElo "1844"]
[PlyCount "85"]
[EventDate "2012.03.05"]

1. e4 e6 2. d4 d5 3. Nd2 dxe4 4. Nxe4 Nf6 5. Bg5 Be7 6. Nxf6+ gxf6 7. Be3 b6 8.
Be2 Bb7 9. Bf3 c6 10. Ne2 Qc7 11. Bf4 Bd6 12. Bxd6 Qxd6 13. Qd2 Nd7 14. O-O-O
O-O-O 15. Kb1 Kb8 16. c4 Rc8 17. Nc3 Rhd8 18. h4 c5 19. Nb5 Qe7 20. Bxb7 Kxb7
21. Qf4 e5 22. Qe4+ Kb8 23. d5 Nf8 24. h5 a6 25. Nc3 Qd7 26. Rh3 b5 27. cxb5
axb5 28. Nxb5 Ne6 29. Rb3 c4 30. Rb4 Nc5 31. Qxc4 Na6 32. Nd6+ Ka7 33. Nxc8+
Rxc8 34. Qe4 Nxb4 35. Qxb4 Qf5+ 36. Ka1 Qxf2 37. Qa4+ Kb8 38. Qb3+ Ka8 39. d6
Qc5 40. a3 Rd8 41. Rd5 Qa7 42. Qb5 Rb8 43. Qc6+ 1-0

[Event "CAMPEONATO SUBZONAL 2.3.5"]
[Site "Duran"]
[Date "2012.03.07"]
[Round "4.17"]
[White "Merritt, Mario"]
[Black "Azua Avila, Vicente"]
[Result "1/2-1/2"]
[WhiteElo "2101"]
[BlackElo "1875"]
[PlyCount "110"]
[EventDate "2012.03.05"]

1. c4 c5 2. g3 Nc6 3. Bg2 g6 4. e3 e5 5. Nc3 Bg7 6. Nge2 Nge7 7. O-O O-O 8. b3
d6 9. Bb2 a6 10. Nd5 Rb8 11. d4 exd4 12. exd4 Nf5 13. Re1 Nfxd4 14. Nxd4 Nxd4
15. Qd2 Bd7 16. Re3 b5 17. cxb5 axb5 18. b4 Be6 19. Rc3 Re8 20. Ne3 Qf6 21.
bxc5 b4 22. Rc2 dxc5 23. Rxc5 Ne2+ 24. Qxe2 Qxb2 25. Qxb2 Bxb2 26. Rb1 Bd4 27.
Ra5 Rec8 28. Ra4 Bc3 29. Bd5 Bd2 30. Bxe6 fxe6 31. Rb3 Rc1+ 32. Kg2 Rf8 33. Rd3
Be1 34. f4 Bc3 35. Ra7 Rf7 36. Ra8+ Kg7 37. Rdd8 h5 38. Ra6 Re1 39. Kf2 g5 40.
f5 exf5 41. Nd5 Rd1 42. Rdd6 Rd2+ 43. Kf3 g4+ 44. Kf4 Rf2+ 45. Ke3 Rf3+ 46. Ke2
Rb7 47. Rg6+ Kf7 48. Rh6 Rd7 49. Nxc3 Re7+ 50. Ne4 Rxe4+ 51. Kd2 Rf2+ 52. Kd3
Rxh2 53. Ra7+ Kg8 54. Rg6+ Kh8 55. Rc6 Re8 1/2-1/2

[Event "CAMPEONATO SUBZONAL 2.3.5"]
[Site "Duran"]
[Date "2012.03.07"]
[Round "4.18"]
[White "De Mey, Juan Pablo"]
[Black "Winter-Roach, Alex"]
[Result "1-0"]
[WhiteElo "1879"]
[BlackElo "2075"]
[PlyCount "97"]
[EventDate "2012.03.05"]

1. e4 e5 2. Nf3 Nc6 3. d4 exd4 4. Bc4 Nf6 5. O-O Be7 6. Re1 d6 7. Nxd4 O-O 8.
Nc3 Ne5 9. Be2 c6 10. a4 a5 11. f4 Ng6 12. Kh1 Re8 13. Bd3 Ng4 14. Rf1 Bf6 15.
Nf5 Bxc3 16. bxc3 Nf6 17. Ng3 Bg4 18. Qe1 Bd7 19. Rb1 Rb8 20. Qd2 Ng4 21. h3
Qh4 22. Nf5 Bxf5 23. exf5 Nf8 24. Ba3 c5 25. Kg1 Nf6 26. Rb6 Red8 27. c4 d5 28.
Qxa5 N8d7 29. Rxb7 dxc4 30. Bxc4 Qg3 31. Rf3 Qh4 32. Rxb8 Rxb8 33. Bxc5 Ne4 34.
Bf2 Qe7 35. Qe1 Ndf6 36. Bd3 Qb7 37. Bxe4 Nxe4 38. Rb3 Qc8 39. Rxb8 Qxb8 40.
Qxe4 h6 41. a5 Qb1+ 42. Kh2 Qf1 43. Bg3 f6 44. Qd3 Qa1 45. a6 h5 46. Qd8+ Kh7
47. Qb6 h4 48. Bxh4 Qa4 49. Bg3 1-0

[Event "CAMPEONATO SUBZONAL 2.3.5"]
[Site "Duran"]
[Date "2012.03.07"]
[Round "4.21"]
[White "Zambrano Macias, Paolo"]
[Black "Treu, Auke"]
[Result "1/2-1/2"]
[WhiteElo "1815"]
[BlackElo "2121"]
[PlyCount "81"]
[EventDate "2012.03.05"]

1. Nf3 Nf6 2. g3 g6 3. Bg2 Bg7 4. O-O d5 5. d4 O-O 6. c4 c6 7. Qc2 Bf5 8. Qc3
Ne4 9. Qb3 b6 10. cxd5 cxd5 11. Nbd2 Nc6 12. e3 Rc8 13. Nh4 Na5 14. Qb5 Nxd2
15. Bxd2 Nc4 16. Nxf5 Nxd2 17. Rfd1 gxf5 18. Rxd2 e6 19. Qa4 Qc7 20. Bf1 a5 21.
Bd3 Qc6 22. Bb5 Qb7 23. Qd1 Rc7 24. Qf1 Ra8 25. Rdd1 Rc2 26. Rdc1 Rac8 27. Bd3
Rxc1 28. Rxc1 Rc7 29. a4 Qc8 30. Rxc7 Qxc7 31. Qd1 Bf8 32. Kg2 Bg7 33. Qc2 Qxc2
34. Bxc2 Bf8 35. b3 Kg7 36. Bd3 Kf6 37. Kf3 Bd6 38. h3 h5 39. Bb5 Bb4 40. Bc6
Ke7 41. Bb5 1/2-1/2

[Event "CAMPEONATO SUBZONAL 2.3.5"]
[Site "Duran"]
[Date "2012.03.08"]
[Round "5.2"]
[White "Guerra Tulcan, Lenin"]
[Black "Martinez Reyes, Pedro Ramon"]
[Result "1-0"]
[WhiteElo "2421"]
[BlackElo "2200"]
[PlyCount "91"]
[EventDate "2012.03.05"]

1. e4 c5 2. Nf3 Nc6 3. d4 cxd4 4. Nxd4 g6 5. Nc3 Bg7 6. Nb3 Nf6 7. Be2 O-O 8.
O-O d6 9. Bg5 a5 10. a4 Be6 11. f4 Bxb3 12. cxb3 e6 13. Kh1 Qb6 14. Bc4 d5 15.
exd5 Nxd5 16. Nxd5 exd5 17. Qxd5 Nb4 18. Qd2 h6 19. Be7 Rfe8 20. Qd7 Qc6 21.
Rad1 Nc2 22. Qxc6 bxc6 23. Bc5 Bf8 24. Bxf8 Kxf8 25. Rd7 Re7 26. Rxe7 Kxe7 27.
f5 g5 28. f6+ Kd6 29. Bxf7 Rf8 30. Bh5 Ne3 31. Rf3 Nd5 32. f7 Nf4 33. g4 c5 34.
h4 Ke7 35. hxg5 hxg5 36. Kh2 Nxh5 37. gxh5 Rxf7 38. Rxf7+ Kxf7 39. Kg3 Kg7 40.
Kg4 Kh6 41. b4 axb4 42. a5 c4 43. a6 c3 44. a7 cxb2 45. a8=Q b1=Q 46. Qh8+ 1-0

[Event "CAMPEONATO SUBZONAL 2.3.5"]
[Site "Duran"]
[Date "2012.03.08"]
[Round "5.3"]
[White "Vazquez Reyes, Raul"]
[Black "Reinozo Trelles, Eduardo"]
[Result "1-0"]
[WhiteElo "2302"]
[BlackElo "1920"]
[PlyCount "61"]
[EventDate "2012.03.05"]

1. e4 c5 2. Nf3 d6 3. d4 cxd4 4. Nxd4 Nf6 5. Nc3 g6 6. Be3 Bg7 7. f3 O-O 8. Bc4
Nc6 9. Bb3 Bd7 10. Qd2 Qa5 11. O-O-O Rfc8 12. Kb1 Ne5 13. h4 Nc4 14. Bxc4 Rxc4
15. Nb3 Qa6 16. e5 Ne8 17. h5 Be6 18. hxg6 fxg6 19. Nd5 dxe5 20. Nc5 Rxc5 21.
Bxc5 Nc7 22. Nxe7+ Kf7 23. b3 h6 24. Rxh6 b6 25. Qg5 bxc5 26. Qxg6+ Kf8 27. Rh7
Ne8 28. Rxg7 Nxg7 29. Qf6+ Ke8 30. Ng6 Qb7 31. Qf8# 1-0

[Event "CAMPEONATO SUBZONAL 2.3.5"]
[Site "Duran"]
[Date "2012.03.08"]
[Round "5.4"]
[White "Munoz Sanchez, Jhon"]
[Black "Mazara, Adan"]
[Result "1-0"]
[WhiteElo "2216"]
[BlackElo "2289"]
[PlyCount "139"]
[EventDate "2012.03.05"]

1. d4 Nf6 2. c4 g6 3. Nc3 Bg7 4. e4 d6 5. f4 O-O 6. Nf3 Na6 7. Bd3 e5 8. fxe5
dxe5 9. d5 c6 10. O-O Bg4 11. Be3 Nc7 12. h3 Bxf3 13. Qxf3 Ne6 14. Ne2 c5 15.
dxe6 Qxd3 16. Bxc5 Qxc4 17. Bxf8 Rxf8 18. exf7+ Rxf7 19. Nc3 Rf8 20. Rad1 Bh6
21. Qd3 Qc5+ 22. Kh1 Bf4 23. g3 Bg5 24. Nd5 Kg7 25. Nxf6 Rxf6 26. Rxf6 Bxf6 27.
Kg2 h5 28. a3 a5 29. Rf1 Qb6 30. Qd7+ Kh6 31. Qf7 Bg7 32. Rf2 Qc6 33. Qd5 Qc7
34. b4 axb4 35. axb4 b6 36. b5 Kh7 37. h4 Qc3 38. Ra2 Qe3 39. Rf2 Qc3 40. Qc6
Qe3 41. Qc2 Qd4 42. Rf7 Qe3 43. Rc7 Qd4 44. Rc6 Qe3 45. Rc4 Kh8 46. Qf2 Qd3 47.
Qc2 Qe3 48. Rc7 Kh7 49. Rb7 Qd4 50. Kh2 Qe3 51. Rc7 Qd4 52. Rf7 Qe3 53. Rf2 Qd4
54. Qe2 Kg8 55. Rg2 Bh6 56. Qf2 Qd8 57. Qa2+ Kh7 58. Qd5 Qc7 59. Qc6 Qd8 60.
Rf2 Bg7 61. Qd5 Qc7 62. Rd2 Qc3 63. Qd3 Qc5 64. Qe2 Qc3 65. Qf2 Qb4 66. Rb2 Qc3
67. Rc2 Qb4 68. Qxb6 Qxe4 69. Qc7 Kh6 70. b6 1-0